Environmental liabilities directive (Record no. 112372)

MARC details
000 -LEADER
fixed length control field 01104cad a22002775a 4500
001 - CONTROL NUMBER
control field E153095
008 - FIXED-LENGTH DATA ELEMENTS--GENERAL INFORMATION
fixed length control field 110607s2011 xxk f 000 0 eng d
020 ## - INTERNATIONAL STANDARD BOOK NUMBER
International Standard Book Number 9781842196472
035 ## - SYSTEM CONTROL NUMBER
System control number (Sirsi) u153095
041 0# - LANGUAGE CODE
Language code of text/sound track or separate title eng
050 04 - LIBRARY OF CONGRESS CALL NUMBER
Classification number 614.7 $2 18
110 2# - MAIN ENTRY--CORPORATE NAME
Corporate name or jurisdiction name as entry element Royal Institution of Chartered Surveyors
9 (RLIN) 4900
245 00 - TITLE STATEMENT
Title Environmental liabilities directive
Remainder of title RICS information paper
250 ## - EDITION STATEMENT
Edition statement 2nd ed.
260 ## - PUBLICATION, DISTRIBUTION, ETC.
Place of publication, distribution, etc. Coventry
Name of publisher, distributor, etc. RICS
Date of publication, distribution, etc. 2011
300 ## - PHYSICAL DESCRIPTION
Extent iv, 31p.
Dimensions 30cm.
490 #0 - SERIES STATEMENT
Series statement RICS Information Paper
520 ## - SUMMARY, ETC.
Summary, etc. ARCHIVED 23/06/2014
520 ## - SUMMARY, ETC.
Summary, etc. Provides useful information and illustrative case studies to help members ensure that their advice on the topic of environmental liability is up to date.
590 ## - LOCAL NOTE (RLIN)
Local note KA
650 24 - SUBJECT ADDED ENTRY--TOPICAL TERM
Topical term or geographic name entry element ENVIRONMENTAL DAMAGE (PREVENTION AND REMEDIATION) REGULATIONS 2009
651 #4 - SUBJECT ADDED ENTRY--GEOGRAPHIC NAME
Geographic name United Kingdom
690 ## - LOCAL SUBJECT ADDED ENTRY--TOPICAL TERM (OCLC, RLIN)
Topical term or geographic name as entry element Environment
9 (RLIN) 6238
856 41 - ELECTRONIC LOCATION AND ACCESS
Uniform Resource Identifier <a href="https://www.isurv.com/download/downloads/id/2742/archive_environmental_liabilities_directive_2nd_edition_march_2011%E2%80%93june_2018.pdf">https://www.isurv.com/download/downloads/id/2742/archive_environmental_liabilities_directive_2nd_edition_march_2011%E2%80%93june_2018.pdf</a>
Public note Archived on isurv (subscription required)
942 ## - ADDED ENTRY ELEMENTS (KOHA)
Suppress in OPAC 0
Source of classification or shelving scheme Dewey Decimal Classification
Holdings
Withdrawn status Lost status Source of classification or shelving scheme Damaged status Not for loan Home library Current library Shelving location Date acquired Total Checkouts Full call number Barcode Date last seen Copy number Price effective from Koha item type
    Dewey Decimal Classification     London London RICS Boxes 07/06/2011   RICS 2011/20 30076889 06/08/2019 1 06/08/2019 Archive
    Dewey Decimal Classification     London London RICS Boxes 07/06/2011   RICS 2011/20 30075800 06/08/2019 2 06/08/2019 Book
    Dewey Decimal Classification     London London RICS Boxes 07/06/2011   RICS 2011/20 30075801 06/08/2019 3 06/08/2019 Book
    Dewey Decimal Classification     London London RICS Boxes 07/06/2011   RICS 2011/20 30075802 06/08/2019 4 06/08/2019 Book
    Dewey Decimal Classification     Virtual Virtual Online 07/06/2011   ONLINE PUBLICATION 153095-3001 06/08/2019 1 06/08/2019 Book